[Event "IBM-B"]
[Site "Amsterdam"]
[Date "1974.??.??"]
[Round "5"]
[White "Debarnot, Roberto"]
[Black "Popov, Luben"]
[Result "0-1"]
[WhiteElo "2420"]
[BlackElo "2460"]

1.Nf3 c5 2.c4 Nf6 3.Nc3 g6 4.g3 b6 5.Bg2 Bb7 6.O-O Bg7 7.d3 O-O 8.e4 d6 9.Nh4 Nc6
10.f4 e6 11.g4 Ne8 12.Nf3 f5 13.exf5 exf5 14.Ng5 Bd4+ 15.Kh1 Nc7 16.Nd5 Nb4
17.Nxc7 Qxc7 18.a3 Bxg2+ 19.Kxg2 Qb7+ 20.Kg3 Nc6 21.Qf3 fxg4 22.Qd5+ Kh8
23.Bd2 Rf5 24.Qe4 h6 25.Ne6 Re8 26.Rae1 Qc8 27.Nxd4 Rxe4 28.dxe4 Nxd4 29.exf5 Nxf5+
30.Kf2 Qc6 31.Bc3+ Kg8 32.Re2 Qf3+ 33.Ke1 Qd3 34.Rd2 Qxc4 35.Rff2 d5 36.Rde2 d4
37.Bd2 d3 38.Re8+ Kf7 39.Ra8 Qe4+  0-1

[Event "Arrecife de Lanzarote"]
[Site "Arrecife de Lanzarote"]
[Date "1974.??.??"]
[Round "7"]
[White "Enklaar, Bertus F"]
[Black "Garcia Martinez, Silvino"]
[Result "0-1"]
[WhiteElo "2445"]
[BlackElo "2450"]

1.Nf3 Nf6 2.c4 c5 3.Nc3 d5 4.cxd5 Nxd5 5.g3 g6 6.Bg2 Bg7 7.O-O Nc7 8.d3 O-O
9.Be3 Ne6 10.Nd2 Na6 11.Rc1 Rb8 12.a3 Nd4 13.Nde4 h6 14.Rb1 f5 15.Nd2 b5
16.b4 cxb4 17.axb4 Be6 18.Nb3 Nxb4 19.Nc5 Bf7 20.Rxb4 Qd6 21.Nxb5 Nxb5 22.Qc2 Nd4
23.Rxd4 Bxd4 24.Bxd4 Qxd4 25.e3 Qb4 26.Na6 Qb3 27.Qc7 Rbc8 28.Qxe7 Qxd3 29.Qxa7 Qd6
30.h4 Rc2 31.Ra1 Rfc8 32.Qb7 Qd2 33.Qf3 Rc1+ 34.Rxc1 Rxc1+ 35.Kh2 Qd6 36.Qe2 Ra1
37.Bf1 Ra2  0-1

[Event "Arrecife de Lanzarote"]
[Site "Arrecife de Lanzarote"]
[Date "1974.??.??"]
[Round "8"]
[White "Zuckerman, Bernard"]
[Black "Garcia Gonzales, Guillermo"]
[Result "1/2-1/2"]
[WhiteElo "2455"]
[BlackElo "2470"]

1.Nf3 Nf6 2.c4 c5 3.Nc3 d5 4.cxd5 Nxd5 5.e3 e6 6.d4 cxd4 7.exd4 Be7 8.Bd3 O-O
9.O-O Nc6 10.Re1 Ncb4 11.Bb1 Nf6 12.Ne5 Bd7 13.a3 Nbd5 14.Qd3 g6 15.Qh3 Qc7
16.Ba2 Rfd8 17.Nxd5 exd5 18.Qh4 Bf5 19.Bg5 Qb6 20.Nxf7 Kxf7 21.Rxe7+ Kxe7
22.Qxh7+ Kf8 23.Bh6+ Ke8 24.Re1+ Ne4 25.Bg5 Qe6 26.Bxd8 Rxd8 27.f3 Qf6 28.fxe4 Qxd4+  1/2-1/2

[Event "DEN-ch"]
[Site "Copenhagen"]
[Date "1974.??.??"]
[Round "5"]
[White "Jakobsen, Ole"]
[Black "Fedder, Steen"]
[Result "1-0"]
[WhiteElo "2435"]
[BlackElo "2315"]

1.Nf3 c5 2.c4 Nf6 3.Nc3 e6 4.g3 d5 5.cxd5 exd5 6.d4 Be6 7.Bg2 Nc6 8.O-O Be7
9.Bg5 O-O 10.Rc1 c4 11.Ne5 h6 12.Bxf6 Bxf6 13.f4 Qb6 14.e3 Bxe5 15.fxe5 Nb4
16.Rb1 Qa5 17.Qd2 Rfd8 18.Ne2 Rac8 19.Nf4 Qb6 20.a3 Nc6 21.Qf2 Na5 22.Bf3 Nb3
23.Qg2 Qc6 24.Rf2 b5 25.g4 g5 26.Nh5 c3 27.bxc3 Qxc3 28.Nf6+ Kg7 29.Bxd5 Nd2
30.Bxe6 Nxb1 31.Bxc8 Rxc8 32.Qe4 Qc1+ 33.Kg2 Nd2 34.Qh7+ Kf8  1-0

[Event "DSV-Turnier"]
[Site "Halle"]
[Date "1974.??.??"]
[Round "?"]
[White "Rodriguez Gonzales, Jesus"]
[Black "Liebert, Heinz"]
[Result "1/2-1/2"]
[WhiteElo "2390"]
[BlackElo "2445"]

1.c4 Nf6 2.Nc3 c5 3.Nf3 d5 4.cxd5 Nxd5 5.g3 g6 6.Bg2 Bg7 7.O-O Nc6 8.Nxd5 Qxd5
9.d3 Qd6 10.Qa4 O-O 11.Be3 Bd7 12.Qh4  1/2-1/2

[Event "DSV-Turnier"]
[Site "Halle"]
[Date "1974.??.??"]
[Round "?"]
[White "Uhlmann, Wolfgang"]
[Black "Fichtl, Jiri"]
[Result "1-0"]
[WhiteElo "2550"]
[BlackElo "2380"]

1.c4 c5 2.Nf3 b6 3.Nc3 Nf6 4.e4 Bb7 5.e5 Ng8 6.d4 cxd4 7.Qxd4 Nc6 8.Qe3 g6
9.Bd3 Bg7 10.O-O Rc8 11.Qe2 Nb4 12.Be4 Bxe4 13.Nxe4 Kf8 14.Bf4 Nc6 15.Rad1 Qc7
16.Nc3 Nd8 17.Bg3 Ne6 18.Nb5 Qb7 19.Rd5 a6 20.Nbd4 Nc5 21.Ng5 Nh6 22.Qf3 Re8
23.b4 Na4 24.e6 dxe6 25.Ndxe6+ Kg8 26.Nd8 Qa7 27.Ndxf7 Nf5 28.Nxh8  1-0

[Event "Lublin"]
[Site "Lublin"]
[Date "1974.??.??"]
[Round "3"]
[White "Suba, Mihai"]
[Black "Liebert, Heinz"]
[Result "1-0"]
[WhiteElo "2460"]
[BlackElo "2445"]

1.c4 c5 2.Nf3 Nf6 3.Nc3 d5 4.cxd5 Nxd5 5.g3 Nc6 6.Bg2 Nc7 7.Qa4 Bd7 8.Qe4 g6
9.Ne5 Ne6 10.Nxc6 Bxc6 11.Qxc6+ bxc6 12.Bxc6+ Qd7 13.Bxd7+ Kxd7 14.b3 Bg7
15.Bb2 c4 16.bxc4 Rab8 17.O-O-O Rhc8 18.d3 Rc6 19.e3 Rcb6 20.Ba1 Bxc3 21.Bxc3 Ra6
22.Rd2 Ra3 23.Rc2 Nc5 24.Rd1 f6 25.Kd2 Kc6 26.f3 e5 27.Ke2  1-0

[Event "Lublin"]
[Site "Lublin"]
[Date "1974.??.??"]
[Round "6"]
[White "Szymczak, Zbigniew"]
[Black "Liebert, Heinz"]
[Result "1/2-1/2"]
[WhiteElo "2200"]
[BlackElo "2445"]

1.Nf3 Nf6 2.c4 c5 3.Nc3 d5 4.cxd5 Nxd5 5.g3 g6 6.Bg2 Bg7 7.O-O Nc6 8.Nxd5 Qxd5
9.d3 Qd6 10.Be3 Bxb2 11.Rb1 Bg7 12.Qa4 O-O 13.Rfc1 b6 14.d4 Nxd4 15.Nxd4 cxd4
16.Bf4 e5 17.Bxa8 Bf5 18.Qxa7 Bxb1 19.Rxb1 exf4 20.Rxb6 Qe5 21.Kg2 fxg3 22.hxg3 Qxe2
23.Bf3 Qe5 24.Rb7 h5 25.a4 h4 26.Rb5 Qf6 27.gxh4 Qxh4 28.a5 d3 29.Rd5 Rd8
30.Rxd8+ Qxd8 31.Qa8 Qxa8 32.Bxa8 d2 33.Bf3 Bd4 34.Bd1 Kg7 35.Kf3  1/2-1/2

[Event "Lublin"]
[Site "Lublin"]
[Date "1974.??.??"]
[Round "11"]
[White "Suba, Mihai"]
[Black "Vogt, Lothar"]
[Result "1/2-1/2"]
[WhiteElo "2460"]
[BlackElo "2430"]

1.c4 Nf6 2.Nc3 e6 3.Nf3 c5 4.g3 d5 5.cxd5 Nxd5 6.Bg2 Nc6 7.O-O Nf6 8.b3 Be7
9.Bb2 O-O 10.Rc1 Qa5 11.Qc2 Rd8 12.Rfd1 Bd7 13.d4 Rac8 14.dxc5 Qxc5 15.a3 Be8
16.b4 Qb6 17.e3 Rxd1+ 18.Qxd1 Rd8 19.Qe2 a6 20.Na4 Qa7 21.Nc5 a5 22.Nd4 axb4
23.axb4 Nxb4 24.Nxb7 Rb8 25.Ra1 Qb6 26.Na5 Rc8 27.Nc4 Qc7 28.Bf1 Bf8 29.Qf3 Nfd5
30.Rc1 Qb8 31.Qe4 Nf6 32.Qf3 Nfd5 33.Qe4 Nf6 34.Qf3  1/2-1/2

[Event "Lublin"]
[Site "Lublin"]
[Date "1974.??.??"]
[Round "11"]
[White "Adamski, Jan"]
[Black "Anikaev, Yuri N"]
[Result "1/2-1/2"]
[WhiteElo "2405"]
[BlackElo "2455"]

1.Nf3 Nf6 2.c4 c5 3.Nc3 e6 4.g3 d5 5.cxd5 exd5 6.d4 Nc6 7.Bg2 Be7 8.O-O O-O
9.Bg5 cxd4 10.Nxd4 h6 11.Be3 Re8 12.Rc1 Bf8 13.Nxc6 bxc6 14.Bd4 Nh7 15.Na4  1/2-1/2

[Event "Nice olm prel"]
[Site "Nice"]
[Date "1974.??.??"]
[Round "2"]
[White "Kestler, Hans Guenther"]
[Black "Kristinsson, Jon"]
[Result "1-0"]
[WhiteElo "2410"]
[BlackElo "2370"]

1.c4 c5 2.Nc3 Nf6 3.Nf3 d5 4.cxd5 Nxd5 5.g3 Nc6 6.Bg2 Nc7 7.O-O e5 8.d3 Bd7
9.e3 Be7 10.d4 cxd4 11.exd4 exd4 12.Nxd4 O-O 13.Nxc6 Bxc6 14.Bxc6 bxc6 15.Qa4 Nb5
16.Nxb5 cxb5 17.Qxb5 Rb8 18.Qa4 Bf6 19.Rb1 Qd3 20.Be3 Rxb2 21.Rxb2 Bxb2 22.Qxa7 h5
23.Qb7 Qa3 24.Rb1 Bf6 25.Qd5 Rd8 26.Qc4 Qa8 27.h4 Rc8 28.Qb3 Rc3 29.Qb8+ Rc8
30.Ba7 Rxb8 31.Rxb8+ Qxb8 32.Bxb8 Bd8 33.Bd6 f6 34.Bb4 Kf7 35.Kg2 Ke6 36.Kf3 Kd5
37.Bf8 g5 38.hxg5 fxg5 39.g4 h4 40.Bb4 Kc4 41.Be1 Kd3 42.a4 Bc7 43.a5 h3
44.a6 h2 45.Kg2 Bb6 46.Kxh2 Ke2 47.Kg2 Kxe1 48.f4 gxf4 49.Kf3  1-0

[Event "Nice olm fin-A"]
[Site "Nice"]
[Date "1974.??.??"]
[Round "2"]
[White "Jansson, Borje"]
[Black "Sanguineti, Raul"]
[Result "1/2-1/2"]
[WhiteElo "2380"]
[BlackElo "2530"]

1.Nf3 Nf6 2.c4 c5 3.Nc3 b6 4.d4 cxd4 5.Nxd4 Bb7 6.f3 Nc6 7.e4 e6 8.Be3 Be7
9.Be2 O-O 10.O-O Rc8 11.Nxc6 dxc6 12.Qa4 Ra8 13.c5 Nd7 14.Rfd1 Qc7 15.cxb6 axb6
16.Qc2 Bc5 17.Bxc5 Nxc5 18.b4 Na6 19.a3 Rad8 20.g3 Rxd1+  1/2-1/2

[Event "Nice olm prel"]
[Site "Nice"]
[Date "1974.??.??"]
[Round "4"]
[White "Jansson, Borje"]
[Black "Gavey, HL."]
[Result "1-0"]
[WhiteElo "2380"]
[BlackElo "2200"]

1.Nf3 Nf6 2.c4 c5 3.Nc3 e6 4.g3 Nc6 5.Bg2 g6 6.O-O Bg7 7.d4 cxd4 8.Nxd4 O-O
9.Ndb5 a6 10.Nd6 Ne8 11.Nce4 Nxd6 12.Nxd6 Qb6 13.Rb1 Nd4 14.Nxc8 Raxc8 15.e3 Nc6
16.b3 Rfd8 17.e4 Ne5 18.Bg5 f6 19.Be3 Qc7 20.Qe2 Nc6 21.f4 f5 22.Rbd1 fxe4
23.Bxe4 e5 24.f5 Nd4 25.Qg4 gxf5 26.Rxf5 Nxf5 27.Qxf5 d6 28.Qxh7+ Kf8 29.Rf1+ Ke8
30.Qg8+  1-0

[Event "Nice olm fin-A"]
[Site "Nice"]
[Date "1974.??.??"]
[Round "7"]
[White "Petrosian, Tigran V"]
[Black "Browne, Walter S"]
[Result "1-0"]
[WhiteElo "2640"]
[BlackElo "2575"]

1.c4 Nf6 2.Nc3 c5 3.Nf3 g6 4.e4 Nc6 5.d4 cxd4 6.Nxd4 Nxd4 7.Qxd4 d6 8.Be2 Bg7
9.O-O O-O 10.Qe3 Be6 11.Bd2 Qb6 12.b3 Qxe3 13.Bxe3 Bd7 14.Rac1 Rfc8 15.Rfd1 Bc6
16.f3 a5 17.Kf2 Nd7 18.Rc2 Rc7 19.Rdd2 Rac8 20.Kf1 Kf8 21.Ke1 b5 22.Nd5 Bxd5
23.Rxd5 bxc4 24.Rxa5 c3 25.b4 Rb8 26.a3 e6 27.Bd3 Ne5 28.Ke2 Nc6 29.Ra6 Ke7
30.b5 Nd4+ 31.Bxd4 Bxd4 32.a4 Rcb7 33.Bc4 f5 34.Kd3 Be5 35.h3 Kf6 36.a5 Rxb5
37.Bxb5 Rxb5 38.Ra2 d5 39.exf5 Kxf5 40.Rb6 Rc5 41.a6  1-0

[Event "Nice olm fin-A"]
[Site "Nice"]
[Date "1974.??.??"]
[Round "8"]
[White "Gheorghiu, Florin"]
[Black "Karpov, Anatoly"]
[Result "1/2-1/2"]
[WhiteElo "2540"]
[BlackElo "2700"]

1.c4 c5 2.Nf3 Nf6 3.Nc3 e6 4.g3 b6 5.e4 Bb7 6.d3 d6 7.Bg2 Be7 8.O-O O-O 9.Re1 Nc6
10.d4 cxd4 11.Nxd4 Nxd4 12.Qxd4 Qc7 13.b3 Rfd8 14.Bb2 Rac8 15.Rad1  1/2-1/2

[Event "Nice olm prel"]
[Site "Nice"]
[Date "1974.??.??"]
[Round "8"]
[White "Kortschnoj, Viktor"]
[Black "Hutchings, Stuart J"]
[Result "1-0"]
[WhiteElo "2670"]
[BlackElo "2310"]

1.c4 c5 2.Nf3 Nf6 3.Nc3 d5 4.cxd5 Nxd5 5.d4 Nxc3 6.bxc3 g6 7.Bf4 Bg7 8.e3 cxd4
9.cxd4 Qa5+ 10.Qd2 Qxd2+ 11.Kxd2 O-O 12.Bd3 Nc6 13.Be4 Bd7 14.Rhc1 Rac8 15.Rab1 b6
16.Bd3 Na5 17.Ba6 Rxc1 18.Rxc1 Bc6 19.Ke2 Re8 20.g4 f6 21.g5 e5 22.gxf6 Bxf3+
23.Kxf3 Bxf6 24.dxe5 Bxe5 25.Bxe5 Rxe5 26.e4 Kf8 27.Rc8+ Re8 28.Rxe8+ Kxe8
29.Kf4 Kf7 30.Ke5 Ke7 31.Kd5 Kd7 32.f4 Kc7 33.Ke6 Nc6 34.Kf6 Nd4 35.Bc4 b5
36.Bg8 a5 37.e5 Kd8 38.Bxh7 b4 39.Bxg6 a4 40.e6  1-0

[Event "Nice olm fin-A"]
[Site "Nice"]
[Date "1974.??.??"]
[Round "9"]
[White "Reshevsky, Samuel Herman"]
[Black "Kirov, Nino"]
[Result "0-1"]
[WhiteElo "2550"]
[BlackElo "2465"]

1.c4 Nf6 2.Nc3 c5 3.Nf3 d5 4.cxd5 Nxd5 5.g3 g6 6.Bg2 Bg7 7.O-O Nc6 8.Qb3 Nc7
9.d3 O-O 10.Be3 b6 11.Rac1 Ne6 12.Ng5 Ned4 13.Qd1 Bb7 14.Nf3 Qd7 15.a3 Rfd8
16.Bxd4 Nxd4 17.Nxd4 Bxg2 18.Kxg2 Bxd4 19.Qd2 a5 20.Qf4 Qe6 21.e3 Bg7 22.Rfd1 Rd7
23.d4 cxd4 24.exd4 Qb3 25.Rd2 e6 26.Ne4 Qd5 27.f3 Qf5 28.Qe3 Rad8 29.Nc3 Bxd4
30.Qe2 Bg7 31.Rcd1 Rxd2 32.Rxd2 Rxd2 33.Qxd2 Qf6 34.Qe2 Qd4 35.Kh3 Qc5 36.Nd1 Qc1
37.Kg2 Bd4 38.a4 h5 39.Qd3 Bxb2 40.Qd8+ Kg7 41.Qxb6 Bf6 42.Qd6 Qc2+  0-1

[Event "Nice olm fin-A"]
[Site "Nice"]
[Date "1974.??.??"]
[Round "11"]
[White "Ornstein, Axel"]
[Black "Ljubojevic, Ljubomir"]
[Result "1/2-1/2"]
[WhiteElo "2430"]
[BlackElo "2605"]

1.Nf3 Nf6 2.c4 c5 3.Nc3 b6 4.e4 d6 5.d4 cxd4 6.Nxd4 Bb7 7.Bd3 e6 8.O-O Be7
9.Qe2 O-O 10.b3 Nbd7 11.Bb2 Ne5 12.Bc2 Ng6 13.Rad1 a6 14.f4 Re8 15.f5 exf5
16.Nxf5 Bf8 17.Qf2 Qc7 18.Nh6+ gxh6 19.Qxf6 Re6 20.Qf2 Bg7 21.Nd5 Bxd5 22.exd5 Re7
23.Bxg7 Kxg7  1/2-1/2

[Event "Nice olm fin-A"]
[Site "Nice"]
[Date "1974.??.??"]
[Round "12"]
[White "Filip, Miroslav"]
[Black "Rubinetti, Jorge A"]
[Result "1/2-1/2"]
[WhiteElo "2495"]
[BlackElo "2415"]

1.Nf3 Nf6 2.c4 c5 3.Nc3 e6 4.g3 d5 5.cxd5 Nxd5 6.Bg2 Nc6 7.O-O Be7 8.d4 O-O
9.Nxd5 exd5 10.dxc5 Bxc5 11.a3 Bf5 12.b4 Bb6 13.Bb2 Re8 14.Qd2 Be4 15.Rad1 Qc7  1/2-1/2

[Event "Rubinstein mem"]
[Site "Polanica Zdroj"]
[Date "1974.??.??"]
[Round "10"]
[White "Schmidt, Wlodzimierz"]
[Black "Karasev, Vladimir I"]
[Result "1/2-1/2"]
[WhiteElo "2500"]
[BlackElo "2460"]

1.Nf3 Nf6 2.c4 c5 3.Nc3 d5 4.cxd5 Nxd5 5.g3 Nc6 6.Bg2 e6 7.O-O Be7 8.d4 cxd4
9.Nxd5 exd5 10.Nxd4 O-O 11.Be3 Bf6 12.Rc1 Bxd4 13.Bxd4 Bg4 14.Re1 Re8 15.Rc2 Qd7
16.Rd2 Rad8 17.b3 Bh3 18.Bf3 Bg4 19.Bg2 Bh3  1/2-1/2

[Event "Stary Smokovec"]
[Site "Stary Smokovec"]
[Date "1974.??.??"]
[Round "12"]
[White "Plachetka, Jan"]
[Black "Rakay, Kvetoslav"]
[Result "1-0"]
[WhiteElo "2405"]
[BlackElo "2200"]

1.Nf3 Nf6 2.c4 c5 3.Nc3 g6 4.d4 Bg7 5.d5 d6 6.e4 O-O 7.Be2 e5 8.O-O a6 9.Ne1 Ne8
10.Nd3 f5 11.f3 f4 12.a3 g5 13.b4 b6 14.Rb1 h5 15.a4 a5 16.bxc5 bxc5 17.Qb3 Na6
18.Qb6 Bf6 19.Qxd8 Bxd8 20.Nb5 Nb4 21.Bd2 Rf7 22.Kh1 h4 23.Nf2 Rb8 24.Ng4 Bxg4
25.fxg4 Rh7 26.Kg1 Rb6 27.Bf3 Rb8 28.Kf2 Rb6 29.Ke2 Rb8 30.Rh1 Rb6 31.g3 Rbb7
32.gxf4 gxf4 33.Bc3 Bg5 34.Kd2 Rb8 35.Ra1 Ra8 36.Rhc1 Re7 37.Ke2 Kf8 38.Be1 Kg8
39.Bf2 Rd7 40.Rc3 Kf7 41.Rb1 Ke7 42.Be1 Nc7 43.Na3 Nca6 44.Bg2 Rf8 45.Rh3 Rh8
46.Rb2 Ra7 47.Nb1 Nc7 48.Nd2 Na8 49.Nf3 Kf6 50.Bxh4 Bxh4 51.g5+ Kf7 52.Rxh4 Rxh4
53.Nxh4 Nb6 54.Nf5 Nxa4 55.Rb3 Nb6 56.Rh3 Nd7 57.Rh7+ Kg6 58.Rg7+  1-0

[Event "IBM"]
[Site "Amsterdam"]
[Date "1975.??.??"]
[Round "2"]
[White "Uhlmann, Wolfgang"]
[Black "Ljubojevic, Ljubomir"]
[Result "0-1"]
[WhiteElo "2535"]
[BlackElo "2615"]

1.c4 c5 2.Nf3 Nf6 3.Nc3 e6 4.g3 b6 5.Bg2 Bb7 6.d4 cxd4 7.Qxd4 a6 8.O-O d6
9.b3 Nbd7 10.Bb2 Be7 11.Rfd1 O-O 12.e4 Qb8 13.Nd2 Rc8 14.Qe3 b5 15.cxb5 axb5
16.a3 Bc6 17.b4 Nb6 18.Rac1 Ng4 19.Qf4 Ne5 20.Bf1 Nbc4 21.Nxc4 Bg5 22.Nxe5 Bxf4
23.Nxc6 Bxc1 24.Nxb8 Bxb2 25.Nxb5 Rcxb8 26.Rb1 Bxa3 27.Rb3 Bc1 28.Nxd6 Ra4
29.b5 Ba3 30.Nc4 Bc5 31.Ne5 Ra2 32.Rf3 Rd8 33.Bc4 Rc2 34.Bb3 Rb2 35.Kg2 Rdd2
36.Nd3 Rxb3 37.Nxc5 Rxf3  0-1

[Event "CSR-ch"]
[Site "Brno"]
[Date "1975.??.??"]
[Round "4"]
[White "Suetin, Alexey S"]
[Black "Hort, Vlastimil"]
[Result "1/2-1/2"]
[WhiteElo "2520"]
[BlackElo "2600"]

1.c4 Nf6 2.Nc3 e6 3.Nf3 c5 4.g3 d5 5.cxd5 Nxd5 6.Bg2 Nc6 7.O-O Be7 8.d4 O-O
9.Nxd5 exd5 10.dxc5 Bxc5 11.a3 Bf5 12.b4 Bb6 13.Bb2 Be4 14.Rc1  1/2-1/2

[Event "CSR-ch"]
[Site "Brno"]
[Date "1975.??.??"]
[Round "15"]
[White "Uhlmann, Wolfgang"]
[Black "Hort, Vlastimil"]
[Result "1/2-1/2"]
[WhiteElo "2535"]
[BlackElo "2600"]

1.c4 Nf6 2.Nc3 e6 3.Nf3 c5 4.g3 b6 5.Bg2 Bb7 6.O-O Nc6 7.d4 Nxd4 8.Nxd4 Bxg2
9.Kxg2 cxd4 10.Qxd4 Qc7 11.b3 Be7 12.Bb2 O-O 13.Rfd1 Rfd8 14.Rac1  1/2-1/2

[Event "BUL-ch"]
[Site "?"]
[Date "1975.??.??"]
[Round "4"]
[White "Spassov, Liuben"]
[Black "Radev, Nikolai"]
[Result "0-1"]
[WhiteElo "2455"]
[BlackElo "2405"]

1.Nf3 Nf6 2.c4 g6 3.Nc3 c5 4.d4 cxd4 5.Nxd4 Bg7 6.e4 d6 7.Be2 Nc6 8.Be3 O-O
9.O-O Nxd4 10.Bxd4 Be6 11.Qd3 Nd7 12.f4 Bxd4+ 13.Qxd4 Qb6 14.Qxb6 Nxb6 15.Nd5 Nxd5
16.exd5 Bd7 17.Kf2 Rfc8 18.Rfc1 Rc7 19.Rc3 Rac8 20.Rac1 Kf8 21.Ke3 e6 22.dxe6 Bxe6
23.Kd4 h5 24.Bf3 Ke7 25.Rb3 b6 26.Rbc3 Kf6 27.Be4 Bf5 28.Bd5 Be6 29.b4 a5
30.Bxe6 fxe6 31.bxa5 bxa5 32.c5 Rxc5 33.Rxc5 Rxc5 34.Rxc5 dxc5+ 35.Kxc5 Kf5
36.Kb5 Kxf4 37.Kxa5 e5 38.a4 e4 39.Kb4 e3 40.Kc3 h4  0-1

[Event "URS-ch otbor"]
[Site "Cheliabinsk"]
[Date "1975.??.??"]
[Round "?"]
[White "Grigorian, Levon Ashotovich"]
[Black "Machulsky, Anatoly D"]
[Result "1/2-1/2"]
[WhiteElo "2490"]
[BlackElo "2390"]

1.c4 c5 2.Nf3 Nf6 3.Nc3 d5 4.cxd5 Nxd5 5.e3 e6 6.d4 cxd4 7.exd4 Be7 8.Bd3 O-O
9.O-O Nc6 10.a3 Nf6 11.Re1 b6 12.Bc2 Bb7 13.Qd3 g6 14.Bh6 Re8 15.Rad1 Rc8
16.Bb3 Na5 17.Ba2 Nd5 18.Ne5 Bf8 19.Qh3 Nxc3 20.bxc3 Bd5 21.Bxd5 exd5 22.Bxf8 Rxf8
23.Nd7 Rxc3 24.Qxc3 Qxd7 25.Qb4 Nc4 26.Re7 Qg4 27.Rde1 a5 28.Qc3 Kg7 29.h3 Qf5
30.a4 Rd8 31.Rc7 Rd6 32.Re2 Rf6 33.f3 Qb1+ 34.Re1 Qa2 35.Rd7 Rf5 36.Qa1 Qd2
37.Qd1 Qc3 38.Kh1 Nb2 39.Qe2 Qxd4 40.Qe8 Nd3 41.Rd8  1/2-1/2

[Event "URS-ch otbor"]
[Site "Cheliabinsk"]
[Date "1975.??.??"]
[Round "?"]
[White "Etruk, Rein T"]
[Black "Timoshchenko, Gennadi A"]
[Result "0-1"]
[WhiteElo "2415"]
[BlackElo "2450"]

1.c4 Nf6 2.Nf3 c5 3.Nc3 d5 4.cxd5 Nxd5 5.e3 Nxc3 6.bxc3 g6 7.d4 Bg7 8.Bb5+ Bd7
9.Bxd7+ Qxd7 10.O-O O-O 11.Ba3 cxd4 12.cxd4 Nc6 13.Rb1 Rfd8 14.Qe2 Rac8 15.Rfd1 Na5
16.e4 Nc4 17.Bc1 b5 18.d5 a5 19.Nd4 b4 20.Be3 Nxe3 21.Qxe3 e6 22.Nb3 a4 23.Nc5 Qa7
24.dxe6 Rxd1+ 25.Rxd1 fxe6 26.Rc1 Bc3 27.Nxe6 Qxe3 28.fxe3 b3 29.axb3 axb3
30.Nd4  0-1

[Event "HUN-ch"]
[Site "?"]
[Date "1975.??.??"]
[Round "?"]
[White "Lengyel, Levente"]
[Black "Cserna, Laszlo"]
[Result "1/2-1/2"]
[WhiteElo "2410"]
[BlackElo "2200"]

1.c4 c5 2.Nf3 Nf6 3.Nc3 e6 4.g3 b6 5.Bg2 Bb7 6.O-O Be7 7.d4 cxd4 8.Qxd4 Nc6
9.Qf4 a6 10.e4 d6 11.Rd1 Qc7 12.b3 O-O 13.Bb2 Rac8 14.Rac1 Qb8 15.Qe3 Ba8
16.Qe2 Rfd8 17.h3 Ne8 18.Rd2 Nc7 19.Bf1 Qb7 20.Rcd1 h6 21.Ne1 Rb8 22.Ba3 Ne8
23.Qe3 Qc7 24.Bb2 Ne5 25.Kh2 Bc6 26.f4 Ng6 27.Nf3 Bf6 28.a4 Bxc3 29.Bxc3 Qb7
30.Re1 b5 31.axb5 axb5 32.Nd4 bxc4 33.Nxc6 Qxc6 34.bxc4 Rb3 35.Rb2 Rdb8 36.Reb1 Qa4
37.Qd2 Qa3 38.Rxb3 Rxb3 39.Ra1 Qc5 40.Qd4 Qc6  1/2-1/2

[Event "DSV-Turnier"]
[Site "Leipzig"]
[Date "1975.??.??"]
[Round "11"]
[White "Tukmakov, Vladimir B"]
[Black "Jansa, Vlastimil"]
[Result "1/2-1/2"]
[WhiteElo "2570"]
[BlackElo "2540"]

1.c4 c5 2.Nf3 Nf6 3.Nc3 e6 4.g3 b6 5.Bg2 Bb7 6.O-O Be7 7.d4 cxd4 8.Qxd4 O-O
9.Rd1 Nc6 10.Qf4 Qb8 11.e4 Qxf4 12.Bxf4 Rfd8 13.e5 Ne8 14.b3 Rac8 15.Nb5 a6
16.Nc3 Nb4 17.Be3 Bc5 18.Bxc5 bxc5 19.Rd2 d5 20.exd6 Rxd6 21.Rad1 Rcd8 22.Rxd6 Rxd6
23.Rxd6 Nxd6 24.Ne1 Bxg2 25.Kxg2 Nb7 26.Na4 Nxa2 27.Nd3 Kf8 28.Naxc5 Nxc5
29.Nxc5 Nb4 30.Kf3 Ke7 31.Ke3 f5 32.Nd3 Nc6 33.f4 a5 34.Kd2 Kd6 35.Kc3 h6
36.b4 axb4+ 37.Nxb4 Na5 38.Nc2 e5 39.fxe5+ Kxe5 40.Kb4 Nc6+ 41.Kb5 Ne7 42.c5  1/2-1/2

[Event "DSV-Turnier"]
[Site "Leipzig"]
[Date "1975.??.??"]
[Round "13"]
[White "Uhlmann, Wolfgang"]
[Black "Jansa, Vlastimil"]
[Result "1/2-1/2"]
[WhiteElo "2535"]
[BlackElo "2540"]

1.c4 Nf6 2.Nc3 c5 3.Nf3 e6 4.g3 b6 5.d4 cxd4 6.Qxd4 Bb7 7.Bg2 Be7 8.O-O d6
9.b3 Nbd7 10.e4 O-O 11.Qe3 a6 12.Nd4 Qc7 13.Bb2 Rfe8 14.h3 Bf8 15.Rac1 Rac8
16.g4 h6 17.Rfe1 g5 18.Nf3 Ne5 19.Nxe5 dxe5 20.Qg3 Nd7 21.a3 f6 22.b4 Qxc4
23.Na4 Qb5 24.Nc3 Qc4 25.Bf1 Qb3 26.Rb1 b5 27.Qe3 Rc7 28.Qc1 Rec8 29.Re3 Bxe4
30.Rxe4 Rxc3 31.Bxc3 Rxc3 32.Rxb3 Rxc1 33.Ree3 Nb8 34.Rbc3 Rxc3 35.Rxc3 Bd6
36.Bg2 Kf7 37.Bb7 Ke7 38.Rc8 Kd7 39.Kf1 Bc7 40.Rh8 Bd8 41.Rxh6 Kc7 42.Rh7+ Kd6
43.Bc8 Be7 44.Bb7 Bd8 45.Rf7 Be7 46.Rg7 Bd8 47.Ke2 a5 48.Rg8 axb4 49.axb4 Kc7
50.Rg7+ Kd6 51.Kd3 Be7 52.Kc3 Bd8 53.f3 Nc6 54.Rg8 Be7 55.Re8 Nd4 56.Rh8 Kc7
57.Rh7 Kd8 58.Be4 Ne2+ 59.Kb3 Nd4+ 60.Ka3 Kd7 61.Rh8 Bd8 62.Rg8 Be7 63.Rb8 Bd6
64.Rb7+ Bc7 65.Ra7 f5 66.Bd3 Kc6 67.h4 gxh4 68.g5 h3 69.Bf1 h2 70.Bg2 e4
71.g6 exf3 72.Bh1 Be5 73.Rh7 Kd6 74.Rxh2 Ke7 75.Rf2 Kf6 76.Bxf3 Nxf3 77.Rxf3 Kxg6
78.Kb3 f4 79.Kc2 Kf5 80.Kd3 Bf6 81.Ke2 e5 82.Rc3 Be7 83.Rc7 Bxb4 84.Rb7 Bc3
85.Rxb5 Ke4 86.Rb3 Bd4 87.Ra3 Kf5 88.Ra8 e4 89.Rf8+ Ke5 90.Re8+ Kf5 91.Rf8+ Bf6
92.Kd2 Ke5 93.Ke2 Be7 94.Re8 Kf6 95.Kf1 f3 96.Kf2 Bc5+ 97.Kg3 Bd6+ 98.Kf2 Kf5
99.Rd8 Be7 100.Rd7 Bb4 101.Ke3 Bf8 102.Kf2 Kf4 103.Rd4  1/2-1/2

[Event "Lone Pine"]
[Site "Lone Pine"]
[Date "1975.??.??"]
[Round "3"]
[White "Gheorghiu, Florin"]
[Black "Weinstein, Norman"]
[Result "1/2-1/2"]
[WhiteElo "2540"]
[BlackElo "2465"]

1.c4 Nf6 2.Nc3 c5 3.Nf3 e6 4.e3 Nc6 5.d4 d5 6.a3 a6 7.dxc5 Bxc5 8.b4 Ba7
9.Bb2 O-O 10.Qc2 Qe7 11.Be2 dxc4 12.Bxc4 Bd7 13.O-O Rac8 14.Bd3 Rfd8 15.Rfd1 Bb8
16.Qe2  1/2-1/2

[Event "Lone Pine"]
[Site "Lone Pine"]
[Date "1975.??.??"]
[Round "5"]
[White "Gheorghiu, Florin"]
[Black "Tarjan, James Edward"]
[Result "1/2-1/2"]
[WhiteElo "2540"]
[BlackElo "2480"]

1.Nf3 c5 2.c4 Nf6 3.Nc3 e6 4.g3 b6 5.e4 Bb7 6.d3 Be7 7.Bg2 O-O 8.O-O d6 9.h3 a6
10.Re1 Qc7 11.b3 Rd8 12.Bb2 Nc6 13.d4 cxd4 14.Nxd4 Nxd4 15.Qxd4 Bc6 16.Qe3 Bf8
17.Ne2 Nd7 18.Nd4 Bb7 19.a4 Nc5 20.Rec1 Rac8  1/2-1/2

[Event "Lone Pine"]
[Site "Lone Pine"]
[Date "1975.??.??"]
[Round "6"]
[White "Commons, Kim S"]
[Black "Gheorghiu, Florin"]
[Result "0-1"]
[WhiteElo "2415"]
[BlackElo "2540"]

1.Nf3 c5 2.c4 Nf6 3.Nc3 d5 4.cxd5 Nxd5 5.g3 Nc6 6.Bg2 Nc7 7.d3 e5 8.O-O Be7
9.Nd2 Bd7 10.Nc4 O-O 11.Bxc6 Bxc6 12.Nxe5 Be8 13.Qb3 b6 14.Be3 Kh8 15.Rfd1 f6
16.Nf3 Bf7 17.Qa4 Nd5 18.Nxd5 Bxd5 19.a3 a6 20.Nd2 Qc8 21.f3 Qe6 22.Kf2 f5
23.Re1 Bf6 24.Qc2 f4 25.Bxf4 g5 26.e4 gxf4 27.exd5 Qh3 28.Nf1 Bd4+ 29.Ke2 Rae8+
30.Kd1 Rxe1+ 31.Kxe1 Re8+  0-1

[Event "Lone Pine"]
[Site "Lone Pine"]
[Date "1975.??.??"]
[Round "7"]
[White "Martz, William E"]
[Black "Weinstein, Norman"]
[Result "1/2-1/2"]
[WhiteElo "2385"]
[BlackElo "2465"]

1.c4 Nf6 2.Nc3 c5 3.Nf3 e6 4.g3 Nc6 5.Bg2 Be7 6.O-O O-O 7.b3 d5 8.cxd5 exd5
9.d4 Ne4 10.Bb2 Bf6 11.e3 Bg4  1/2-1/2

[Event "Lone Pine"]
[Site "Lone Pine"]
[Date "1975.??.??"]
[Round "7"]
[White "Schmid, Lothar"]
[Black "Commons, Kim S"]
[Result "0-1"]
[WhiteElo "2540"]
[BlackElo "2415"]

1.Nf3 c5 2.c4 Nf6 3.Nc3 d5 4.cxd5 Nxd5 5.e3 e6 6.d4 Nc6 7.Bd3 Be7 8.O-O cxd4
9.exd4 O-O 10.Bb1 Qd6 11.Qd3 g6 12.Ne4 Qc7 13.Bg5 b6 14.a3 Bb7 15.Ba2 Bxg5
16.Nexg5 Rfe8 17.Rfe1 Qf4 18.Rac1 Rad8 19.Rcd1 Qf5 20.Qf1 Nf4 21.Bb1 Qf6
22.Ne4 Qg7 23.g3 Nd5 24.Qe2 Nde7 25.Qe3 Nf5 26.Qf4 Ncxd4 27.Nxd4 Rxd4 28.Qc1 Red8
29.g4 Rxd1 30.Rxd1 Nd4 31.Qc7 Nf3+ 32.Kf1 Ba6+  0-1

[Event "Manila"]
[Site "Manila"]
[Date "1975.??.??"]
[Round "3"]
[White "Mecking, Henrique"]
[Black "Ljubojevic, Ljubomir"]
[Result "1/2-1/2"]
[WhiteElo "2610"]
[BlackElo "2615"]

1.Nf3 Nf6 2.c4 e6 3.Nc3 c5 4.g3 b6 5.Bg2 Bb7 6.O-O a6 7.b3 d6 8.Bb2 Be7 9.d4 cxd4
10.Nxd4 Bxg2 11.Kxg2 O-O 12.e4 Qc7 13.f3 Nbd7 14.Rc1 Rac8 15.Re1 Rfe8  1/2-1/2